Los valores de la ciencia y el papel de la ética en la ciencia /
El autor sostiene que es muy importante vincular las cuestiones acerca del papel de la ética en la ciencia con las cuestiones de los valores incorporados en las prácticas científicas
Gespeichert in:
| 1. Verfasser: | |
|---|---|
| Format: | Text |
| Schlagworte: | |
| Tags: |
Tag hinzufügen
Keine Tags, Fügen Sie den ersten Tag hinzu!
|
MARC
| LEADER | 00000 a a2200000 04500 | ||
|---|---|---|---|
| 001 | 13298 | ||
| 003 | |||
| 040 | |||
| 100 | |a Lacey, Hugh | ||
| 245 | |a Los valores de la ciencia y el papel de la ética en la ciencia / |c Hugh Lacey | ||
| 520 | |a El autor sostiene que es muy importante vincular las cuestiones acerca del papel de la ética en la ciencia con las cuestiones de los valores incorporados en las prácticas científicas | ||
| 650 | |a CIENCIA | ||
| 650 | |a ETICA | ||
| 650 | |a VALORES SOCIALES | ||
| 773 | |g número 116; páginas 241-246 | ||
| 999 | |c 23981 |d 23981 | ||
